[Event "DVM U16 2012"]
[Site "Naumburg (Saale) GER"]
[Date "2012.12.29"]
[Round "6"]
[White "Caprita, Victor"]
[Black "Drehwald, Manuel"]
[Result "0-1"]
[Termination "normal"]
[Board "6.3"]
[WhiteElo "1482"]
[BlackElo "1799"]
[WhiteTeam "BSG Grün-Weiß Leipzig"]
[BlackTeam "KSV Rochade Göttingen"]
[WhiteFideId "12946125"]
[BlackFideId "12934330"]
[EventCountry "GER"]
[EventRounds "7"]
[EventType "team-swiss"]
[EventDate "2012.12.26"]

1. d4 Nf6 2. c4 c5 3. e3 g6 4. Nc3 Bg7 5. Nf3 cxd4 6. exd4 O-O 7. Bf4 d6 8. Be2
Bf5 9. O-O Nc6 10. Qd2 Re8 11. Rfd1 Qc8 12. Bh6 Bg4 13. h3 Bxf3 14. Bxf3 Nxd4
15. Qxd4 Bxh6 16. Nd5 Nd7 17. Re1 Ne5 18. Qh4 Bf8 19. Be2 Kh8 20. Bf1 f6 21.
Re3 Bg7 22. f4 Nc6 23. Rae1 Qd7 24. Bd3 Kg8 25. Rg3 f5 26. Re2 e5 27. fxe5 dxe5
28. Qg5 e4 29. Bb1 Qd8 30. Qxd8 Raxd8 31. Bc2 Re6 32. Bb3 Kf8 33. Re1 Red6 34.
Kh1 Ne7 35. c5 Rxd5 36. Bxd5 Rxd5 37. Rge3 Rxc5 38. R3e2 Rd5 39. g3 Nc6 40. Kg2
Kf7 41. h4 Bf6 42. Rf2 Rd7 43. b3 Nb4 44. Ref1 Rc7 45. Rd1 Nd3 46. Rfd2 Be7 47.
Kf1 b5 48. Kg2 Ke6 49. Kf1 Kd5 50. Kg2 Kd4 51. Kf1 Ke3 52. Kg2 Bb4 0-1

[Event "DVM U16 2012"]
[Site "Naumburg (Saale) GER"]
[Date "2012.12.29"]
[Round "6"]
[White "Hartogh, Christian"]
[Black "Schaefer, Matthes"]
[Result "1-0"]
[Termination "normal"]
[Board "6.4"]
[WhiteElo "1706"]
[BlackElo "1344"]
[WhiteTeam "KSV Rochade Göttingen"]
[BlackTeam "BSG Grün-Weiß Leipzig"]
[WhiteFideId "12949256"]
[BlackFideId "12946117"]
[EventCountry "GER"]
[EventRounds "7"]
[EventType "team-swiss"]
[EventDate "2012.12.26"]

1. e4 e6 2. d4 d5 3. e5 c5 4. c3 Nc6 5. Nf3 Bd7 6. Bd3 cxd4 7. cxd4 Qb6 8. Nc3
Nxd4 9. Nxd4 Qxd4 10. O-O a6 11. Re1 Bb4 12. Be3 Qh4 13. Qb3 Bc6 14. Red1 Ba5
15. Be2 Qd8 16. Ne4 Bc7 17. f4 Ne7 18. Bc5 O-O 19. g4 Qd7 20. Qg3 Rfe8 21. h4
Nc8 22. g5 Bb5 23. Nf6+ 1-0

[Event "DVM U16 2012"]
[Site "Naumburg (Saale) GER"]
[Date "2012.12.29"]
[Round "6"]
[White "Glatzel, Jonas"]
[Black "Simanowski, Mio"]
[Result "1-0"]
[Termination "normal"]
[Board "7.1"]
[WhiteElo "1909"]
[BlackElo "1893"]
[WhiteTeam "Königsspringer Iserlohn 1934"]
[BlackTeam "SV Mülheim-Nord 1931"]
[WhiteFideId "12937800"]
[BlackFideId "24687154"]
[EventCountry "GER"]
[EventRounds "7"]
[EventType "team-swiss"]
[EventDate "2012.12.26"]

1. e4 e5 2. Nf3 Nc6 3. d4 exd4 4. Nxd4 Nf6 5. Nxc6 bxc6 6. e5 Nd5 7. Bd3 Bc5 8.
Qg4 g6 9. Bh6 Qe7 10. O-O Bb7 11. Nc3 Qe6 12. Qc4 Be7 13. Rfe1 Nb6 14. Qf4
O-O-O 15. Bg7 Rhg8 16. Bf6 h5 17. a4 Rde8 18. a5 Nd5 19. Nxd5 cxd5 20. Bxe7
Rxe7 21. c4 Rge8 22. Qd4 dxc4 23. Be4 Bxe4 24. Rxe4 Qa6 25. Rc1 Qxa5 26. f4 Qb6
27. Qxb6 axb6 28. Rexc4 c6 29. Ra1 Kb7 30. Rca4 b5 31. Ra7+ Kb6 32. Kf2 d5 33.
R7a6+ Kb7 34. b4 Kc7 35. Rc1 Re6 36. Ra7+ Kd8 37. Rxf7 R8e7 38. Rxe7 Kxe7 39.
Ke3 Kd7 40. Ra1 Kc7 41. Kd4 Kb6 42. Ra8 Re7 43. g3 Re6 44. Rb8+ Kc7 45. Rf8 Kd7
46. h3 Ke7 47. Ra8 Kf7 48. g4 hxg4 49. hxg4 Kg7 50. f5 gxf5 51. gxf5 Rh6 52.
Ra7+ Kf8 53. e6 Rh5 54. f6 1-0

[Event "DVM U16 2012"]
[Site "Naumburg (Saale) GER"]
[Date "2012.12.29"]
[Round "6"]
[White "Vavro, Maximilian"]
[Black "Dröttboom, Tobias"]
[Result "1-0"]
[Termination "normal"]
[Board "7.2"]
[WhiteElo "1839"]
[BlackElo "1682"]
[WhiteTeam "SV Mülheim-Nord 1931"]
[BlackTeam "Königsspringer Iserlohn 1934"]
[WhiteFideId "12918954"]
[BlackFideId "12946133"]
[EventCountry "GER"]
[EventRounds "7"]
[EventType "team-swiss"]
[EventDate "2012.12.26"]

1. c4 c6 2. g3 d5 3. d4 Nf6 4. Bg2 dxc4 5. Nf3 e6 6. O-O Nbd7 7. Bg5 Be7 8.
Nbd2 b5 9. a4 Nd5 10. Bxe7 Qxe7 11. e4 N5b6 12. a5 Na4 13. Nxc4 Qb4 14. Qc2 Bb7
15. e5 Qxc4 16. Qxc4 bxc4 17. Rxa4 Ba6 18. Rc1 Bb5 19. Raa1 Rc8 20. Nd2 Nb8 21.
Nxc4 Bxc4 22. Rxc4 Kd7 23. Ra3 Rc7 24. Rac3 Rhc8 25. b4 Na6 26. Be4 h6 27. Kg2
f5 28. Bf3 g5 29. g4 fxg4 30. Bxg4 Rb8 31. Rf3 Rxb4 32. Rxb4 Nxb4 33. Rf7+ Kd8
34. Rxc7 Kxc7 35. Bxe6 Nc2 36. d5 cxd5 37. Bxd5 Ne1+ 38. Kg3 Nd3 39. e6 Kd6 40.
Bc4 Nf4 41. Kg4 Ke7 42. Kf5 Nh3 43. f3 h5 44. Kg6 h4 45. Kf5 Ng1 46. Bd5 Nh3
47. Bc4 Ng1 48. Kg4 Kf6 49. f4 gxf4 50. Kxf4 Ke7 51. Kg4 Kf6 52. Kxh4 Nf3+ 53.
Kg3 Nd4 54. Kg4 Nc6 55. Bd5 Nxa5 56. h4 Ke7 57. h5 Nb7 58. h6 Nd6 59. h7 Ne8
60. h8=Q Nf6+ 61. Kf5 Nxd5 62. Qg7+ Kd6 63. Qd7+ Kc5 64. Qxd5+ 1-0

[Event "DVM U16 2012"]
[Site "Naumburg (Saale) GER"]
[Date "2012.12.29"]
[Round "6"]
[White "von Bargen, Lukas"]
[Black "Stoer, Nathan"]
[Result "1-0"]
[Termination "normal"]
[Board "7.3"]
[WhiteElo "1661"]
[BlackElo "1706"]
[WhiteTeam "Königsspringer Iserlohn 1934"]
[BlackTeam "SV Mülheim-Nord 1931"]
[WhiteFideId "12946141"]
[BlackFideId "1271569"]
[EventCountry "GER"]
[EventRounds "7"]
[EventType "team-swiss"]
[EventDate "2012.12.26"]

1. d4 d5 2. c4 e6 3. Nf3 Nf6 4. g3 b6 5. Bg2 Bb7 6. O-O Bd6 7. Qc2 dxc4 8. Qxc4
Nd5 9. Rd1 Ba6 10. Qa4+ Qd7 11. Qc2 Nc6 12. a3 Rd8 13. Bg5 Be7 14. Bxe7 Ndxe7
15. Nc3 f6 16. Rac1 Bb7 17. e3 Nd5 18. Nxd5 exd5 19. Bf1 Qg4 20. Nh4 g6 21. Be2
Qe6 22. b4 a6 23. Ng2 g5 24. Bxa6 Nxb4 25. Qa4+ Qd7 26. Qxd7+ Kxd7 27. Bxb7 Rb8
28. axb4 Rxb7 29. Ra1 h6 30. Rdc1 Rc8 31. Ne1 Re8 32. Nd3 Ke7 33. b5 Rd8 34.
Nb4 Ke6 35. Na6 Rd7 36. Rc6+ 1-0

[Event "DVM U16 2012"]
[Site "Naumburg (Saale) GER"]
[Date "2012.12.29"]
[Round "6"]
[White "Kremer, Moritz"]
[Black "Nissen, Arne"]
[Result "1-0"]
[Termination "normal"]
[Board "7.4"]
[WhiteElo "1725"]
[BlackElo "1082"]
[WhiteTeam "SV Mülheim-Nord 1931"]
[BlackTeam "Königsspringer Iserlohn 1934"]
[WhiteFideId "1270623"]
[BlackFideId "12964417"]
[EventCountry "GER"]
[EventRounds "7"]
[EventType "team-swiss"]
[EventDate "2012.12.26"]

1. d4 c5 2. c3 e6 3. g3 Nf6 4. Bg2 Be7 5. e4 d6 6. dxc5 dxc5 7. Qxd8+ Bxd8 8.
f4 O-O 9. Be3 Be7 10. Nd2 Nc6 11. Ngf3 b6 12. e5 Nd5 13. Bf2 Bb7 14. O-O Rfd8
15. Ne4 Rd7 16. Nfd2 Ba6 17. Rfd1 Rad8 18. Bf3 Na5 19. h4 Nc4 20. Nxc4 Bxc4 21.
Kh2 Ba6 22. Rd2 Nc7 23. Rad1 Rxd2 24. Rxd2 Rxd2 25. Nxd2 c4 26. Be2 Nd5 27.
Bxc4 Bxc4 28. Nxc4 Bc5 29. Bxc5 bxc5 30. Kg2 f6 31. exf6 gxf6 32. Kf3 Kf7 33.
Nd6+ Kg6 34. Ne4 c4 35. Nd6 Nb6 36. Kg4 h5+ 37. Kf3 f5 38. Ke3 Kf6 39. Kd4 a6
40. Nxc4 Nxc4 41. Kxc4 e5 42. fxe5+ Kxe5 43. Kd3 f4 44. gxf4+ Kxf4 45. c4 Ke5
46. Kc3 a5 47. b3 1-0

[Event "DVM U16 2012"]
[Site "Naumburg (Saale) GER"]
[Date "2012.12.29"]
[Round "6"]
[White "Peczely, Sebastian Zsombor"]
[Black "Katz, Leo"]
[Result "1-0"]
[Termination "normal"]
[Board "8.1"]
[WhiteElo "2064"]
[BlackElo "1863"]
[WhiteTeam "Schachgemeinschaft Leipzig"]
[BlackTeam "OSG Baden-Baden"]
[WhiteFideId "750964"]
[BlackFideId "12918458"]
[EventCountry "GER"]
[EventRounds "7"]
[EventType "team-swiss"]
[EventDate "2012.12.26"]

1. e4 e6 2. d4 d5 3. Nc3 dxe4 4. Nxe4 Bd7 5. Nf3 Bc6 6. Bd3 Bxe4 7. Bxe4 c6 8.
c3 Nd7 9. O-O Ngf6 10. Bc2 Bd6 11. Re1 Qc7 12. Qe2 O-O 13. Bg5 Rfe8 14. Rad1
Nd5 15. Qd3 Nf8 16. Bh4 Nf4 17. Qd2 N8g6 18. Bg3 Rad8 19. Ng5 Nh5 20. Qe2 Nxg3
21. hxg3 Be7 22. Nxf7 Ra8 23. Qxe6 Bf6 24. Nh6+ 1-0

[Event "DVM U16 2012"]
[Site "Naumburg (Saale) GER"]
[Date "2012.12.29"]
[Round "6"]
[White "Becker, Dirk"]
[Black "Kreyssig, Robert"]
[Result "1-0"]
[Termination "normal"]
[Board "8.2"]
[WhiteElo "1813"]
[BlackElo "1991"]
[WhiteTeam "OSG Baden-Baden"]
[BlackTeam "Schachgemeinschaft Leipzig"]
[WhiteFideId "12938564"]
[BlackFideId "4662881"]
[EventCountry "GER"]
[EventRounds "7"]
[EventType "team-swiss"]
[EventDate "2012.12.26"]

1. e4 c5 2. Nf3 Nc6 3. d4 cxd4 4. Nxd4 Nf6 5. Nc3 d6 6. g3 e5 7. Nde2 Be7 8.
Bg2 Be6 9. O-O O-O 10. h3 Qd7 11. g4 Rad8 12. Be3 d5 13. exd5 Nxd5 14. Nxd5
Bxd5 15. Ng3 Bxg2 16. Kxg2 Nd4 17. Bxd4 exd4 18. Qd3 Qd5+ 19. f3 Bb4 20. a3 Ba5
21. Rad1 Bb6 22. c4 Qd6 23. Nf5 Qf6 24. Rfe1 Rfe8 25. Re4 g6 26. Ng3 Rxe4 27.
Qxe4 d3 28. Rxd3 Qxb2+ 29. Ne2 Rxd3 30. Qxd3 Qe5 31. f4 Qc5 32. a4 Qf2+ 33. Kh1
Qf1+ 34. Kh2 Qf2+ 35. Kh1 Qf1+ 36. Kh2 Bf2 37. Qe4 Bg1+ 38. Nxg1 Qf2+ 39. Kh1
b6 40. f5 a5 41. Qe5 1-0

[Event "DVM U16 2012"]
[Site "Naumburg (Saale) GER"]
[Date "2012.12.29"]
[Round "6"]
[White "Waschischeck, Tom"]
[Black "Fesselier, Melissa"]
[Result "1/2-1/2"]
[Termination "normal"]
[Board "8.3"]
[WhiteElo "1642"]
[BlackElo "1723"]
[WhiteTeam "Schachgemeinschaft Leipzig"]
[BlackTeam "OSG Baden-Baden"]
[WhiteFideId "12931780"]
[BlackFideId "20689284"]
[EventCountry "GER"]
[EventRounds "7"]
[EventType "team-swiss"]
[EventDate "2012.12.26"]

1. e4 c5 2. Nf3 e6 3. d4 cxd4 4. Nxd4 Nc6 5. Be2 Nf6 6. Nc3 d6 7. Be3 Be7 8. h3
a6 9. Qd2 Qc7 10. g4 b5 11. g5 Nd7 12. Nb3 Bb7 13. f3 Nce5 14. O-O-O Rc8 15. a3
Ba8 16. Qd4 Rg8 17. Rhf1 Nc4 18. Bxc4 bxc4 19. Na1 e5 20. Qd2 Nc5 21. Bxc5 Qxc5
22. h4 Rb8 23. Nd5 Bxd5 24. Qxd5 Qb6 25. b3 cxb3 26. Qxb3 Qxb3 27. cxb3 Kd7 28.
Kb2 h6 29. Rg1 hxg5 30. hxg5 Rh8 31. g6 fxg6 32. Rxg6 Rh2+ 33. Kc3 Bf6 34. Rg3
Ra2 35. a4 a5 36. Rgg1 1/2-1/2

[Event "DVM U16 2012"]
[Site "Naumburg (Saale) GER"]
[Date "2012.12.29"]
[Round "6"]
[White "Schulz, Lukas"]
[Black "Yankelevich, Lev"]
[Result "0-1"]
[Termination "normal"]
[Board "9.1"]
[WhiteElo "1872"]
[BlackElo "2177"]
[WhiteTeam "SC Höchstadt/Aisch"]
[BlackTeam "SG Trier"]
[WhiteFideId "12924881"]
[BlackFideId "24684074"]
[EventCountry "GER"]
[EventRounds "7"]
[EventType "team-swiss"]
[EventDate "2012.12.26"]

1. e4 Nf6 2. Nc3 e5 3. d3 Bb4 4. Bd2 c6 5. g3 d5 6. Bg2 O-O 7. Nge2 dxe4 8.
Nxe4 Nxe4 9. Bxe4 Bc5 10. O-O Bh3 11. Bg2 Bxg2 12. Kxg2 Nd7 13. Bc3 Nf6 14. Qd2
Qd5+ 15. Kg1 Rad8 16. Rae1 Rfe8 17. Qg5 h6 18. Qf5 Nh7 19. h4 Re6 20. Qg4 Nf6
21. Qc4 Qd6 22. Rd1 b5 23. Qb3 b4 24. d4 bxc3 25. dxc5 Qxd1 26. Rxd1 Rxd1+ 27.
Kg2 cxb2 28. Qxb2 Rd2 29. Kf1 Rd7 30. Qb4 g6 31. Qa5 Kg7 32. Nc3 e4 33. Ke2 h5
34. Nd1 e3 35. Nxe3 Ne4 36. Ke1 0-1

[Event "DVM U16 2012"]
[Site "Naumburg (Saale) GER"]
[Date "2012.12.29"]
[Round "6"]
[White "Bauer, Lukas"]
[Black "Koch, Christian"]
[Result "0-1"]
[Termination "normal"]
[Board "9.2"]
[WhiteElo "1689"]
[BlackElo "1742"]
[WhiteTeam "SG Trier"]
[BlackTeam "SC Höchstadt/Aisch"]
[WhiteFideId "12907715"]
[BlackFideId "1272124"]
[EventCountry "GER"]
[EventRounds "7"]
[EventType "team-swiss"]
[EventDate "2012.12.26"]

1. d4 c5 2. d5 e6 3. e4 d6 4. Nc3 Nf6 5. Nf3 Be7 6. Be2 O-O 7. O-O exd5 8. exd5
Bf5 9. Bd3 Bg4 10. h3 Bh5 11. Re1 Nbd7 12. Bf4 a6 13. a4 Re8 14. g4 Bg6 15.
Bxg6 hxg6 16. Qd2 Nf8 17. Kg2 Qd7 18. Bg3 N8h7 19. Nh4 Bf8 20. f4 Rxe1 21. Rxe1
Re8 22. f5 Rxe1 23. Bxe1 gxf5 24. Nxf5 Qe8 25. Ng3 Qe5 26. Bf2 b5 27. axb5 axb5
28. b4 cxb4 29. Nxb5 Nxd5 30. Nd4 Ng5 31. Nc6 Nf4+ 32. Kf1 Qb5+ 33. Ne2 Nxe2
34. Qxe2 Qxc6 35. Ke1 Nxh3 36. Be3 Qh1+ 37. Kd2 Qd5+ 38. Kc1 Ng5 0-1

[Event "DVM U16 2012"]
[Site "Naumburg (Saale) GER"]
[Date "2012.12.29"]
[Round "6"]
[White "Mönius, Alexander"]
[Black "Kim, Yun-Ghi"]
[Result "1/2-1/2"]
[Termination "normal"]
[Board "9.3"]
[WhiteElo "1747"]
[BlackElo "1745"]
[WhiteTeam "SC Höchstadt/Aisch"]
[BlackTeam "SG Trier"]
[WhiteFideId "12949795"]
[BlackFideId "12925888"]
[EventCountry "GER"]
[EventRounds "7"]
[EventType "team-swiss"]
[EventDate "2012.12.26"]

1. d4 d5 2. e3 Nf6 3. Bd3 e6 4. f4 Be7 5. Nf3 b6 6. O-O O-O 7. Ne5 Bb7 8. Rf3
Ne4 9. Rh3 g6 10. Nd2 Nd7 11. Nxe4 dxe4 12. Bb5 Nxe5 13. fxe5 a6 14. Bc4 b5 15.
Bb3 c5 16. c3 Qb6 17. Qg4 Bd5 18. Bc2 Qc6 19. Bd2 Rac8 20. Rf1 f6 21. Qh4 Rf7
22. exf6 Rcf8 23. Rf4 Bd8 24. g4 Bc7 25. Rf1 cxd4 26. exd4 e5 27. Bh6 Bd8 28.
Bxf8 Kxf8 29. g5 exd4 30. Bb3 Bxb3 31. axb3 d3 32. Qe1 Bb6+ 33. Kg2 d2 34. Qd1
e3+ 35. Rhf3 Qe4 36. Qe2 Rd7 37. c4 Qc2 38. Rd1 Qxd1 39. Qxd1 e2 40. Qxe2 d1=Q
41. Qxd1 Rxd1 42. cxb5 Rg1+ 43. Kh3 Rxg5 44. bxa6 Ra5 45. Rc3 Rxa6 46. Rc6 Ra2
47. Rxb6 Rxb2 48. Rb7 h6 49. Kg3 Rb1 50. h4 Rf1 51. f7 Rxf7 52. Rxf7+ Kxf7 53.
Kf4 Ke6 1/2-1/2

[Event "DVM U16 2012"]
[Site "Naumburg (Saale) GER"]
[Date "2012.12.29"]
[Round "6"]
[White "Bach, Marc-Andre"]
[Black "Mönius, Oliver"]
[Result "1/2-1/2"]
[Termination "normal"]
[Board "9.4"]
[WhiteElo "1720"]
[BlackElo "1331"]
[WhiteTeam "SG Trier"]
[BlackTeam "SC Höchstadt/Aisch"]
[WhiteFideId "1270773"]
[BlackFideId "12949906"]
[EventCountry "GER"]
[EventRounds "7"]
[EventType "team-swiss"]
[EventDate "2012.12.26"]

1. e4 d6 2. d4 Nf6 3. Nc3 g6 4. Nf3 Bg4 5. Be2 Bg7 6. Be3 Nbd7 7. h3 Bxf3 8.
Bxf3 e5 9. d5 Nb6 10. Be2 Qd7 11. Qd2 O-O 12. Bh6 Rfd8 13. Bxg7 Kxg7 14. h4 Qe7
15. h5 c6 16. hxg6 fxg6 17. dxc6 bxc6 18. Rd1 d5 19. Qg5 Kf7 20. a3 d4 21. Nb1
Rh8 22. Nd2 Nfd7 23. Qg3 Qf6 24. Nf3 h6 25. Nd2 Rag8 26. Nc4 Ke7 27. Nd2 g5 28.
Bg4 Qf4 29. Qxf4 exf4 30. f3 Ne5 31. Bf5 d3 32. c4 Rd8 33. b3 c5 34. Nf1 Rd6
35. Kd2 Rhd8 36. Kc3 a5 37. a4 Rb8 38. Nd2 Rbd8 1/2-1/2

[Event "DVM U16 2012"]
[Site "Naumburg (Saale) GER"]
[Date "2012.12.29"]
[Round "6"]
[White "Basaran, Mehmet"]
[Black "Pilat, Fabian"]
[Result "1-0"]
[Termination "normal"]
[Board "10.1"]
[WhiteElo "1749"]
[BlackElo "1939"]
[WhiteTeam "SV Unterkochen"]
[BlackTeam "SG Bochum 1931"]
[WhiteFideId "12929042"]
[BlackFideId "24683396"]
[EventCountry "GER"]
[EventRounds "7"]
[EventType "team-swiss"]
[EventDate "2012.12.26"]

1. e4 e6 2. d4 d5 3. Nc3 Nc6 4. exd5 exd5 5. Bb5 Nf6 6. Nf3 Bg4 7. O-O Be7 8.
Qd3 Bxf3 9. Qxf3 O-O 10. Bxc6 bxc6 11. Bf4 c5 12. dxc5 Bxc5 13. Bg5 c6 14. Bxf6
gxf6 15. Ne2 Bd6 16. Nd4 Rc8 17. Nf5 Kh8 18. Nxd6 Qxd6 19. Rfe1 Rce8 20. Re2
Rxe2 21. Qxe2 Qe5 22. Qxe5 fxe5 23. Re1 f6 24. Re3 Kg7 25. Rg3+ Kf7 26. Ra3 Ra8
27. Ra6 c5 28. Ra5 Rc8 29. Rxa7+ Kg6 30. f3 c4 31. Kf2 h6 32. Ke3 d4+ 33. Ke4
Rc5 34. g4 c3 35. b3 Rc6 36. Rd7 Re6 37. h4 Re8 38. a4 Ra8 39. f4 exf4 40. Kxf4
h5 41. gxh5+ Kxh5 42. Rxd4 Ra5 43. Ke3 1-0

[Event "DVM U16 2012"]
[Site "Naumburg (Saale) GER"]
[Date "2012.12.29"]
[Round "6"]
[White "Fistoul, Boris"]
[Black "Wallinger, Lukas"]
[Result "1-0"]
[Termination "normal"]
[Board "10.2"]
[WhiteElo "1654"]
[BlackElo "1551"]
[WhiteTeam "SG Bochum 1931"]
[BlackTeam "SV Unterkochen"]
[WhiteFideId "12953962"]
[BlackFideId "1272003"]
[EventCountry "GER"]
[EventRounds "7"]
[EventType "team-swiss"]
[EventDate "2012.12.26"]

1. d4 Nf6 2. c4 g6 3. f3 Bg7 4. e4 d6 5. Nc3 O-O 6. Be3 Nbd7 7. Qd2 c5 8. d5
Nb6 9. Bd3 e5 10. Nge2 Nfd7 11. g4 Qh4+ 12. Ng3 Qd8 13. O-O-O a6 14. h4 Ra7 15.
h5 Na8 16. Bh6 Nc7 17. Bxg7 Kxg7 18. hxg6 fxg6 19. Qh6+ Kf7 20. Qxh7+ Kf6 21.
g5+ 1-0

[Event "DVM U16 2012"]
[Site "Naumburg (Saale) GER"]
[Date "2012.12.29"]
[Round "6"]
[White "Haidl, Richard"]
[Black "Fistoul, Ilja"]
[Result "1-0"]
[Termination "normal"]
[Board "10.3"]
[WhiteElo "1508"]
[BlackElo "1605"]
[WhiteTeam "SV Unterkochen"]
[BlackTeam "SG Bochum 1931"]
[WhiteFideId "12962422"]
[BlackFideId "12953580"]
[EventCountry "GER"]
[EventRounds "7"]
[EventType "team-swiss"]
[EventDate "2012.12.26"]

1. d4 e6 2. c4 f5 3. Nc3 Nf6 4. Nf3 Be7 5. b3 d5 6. Bf4 c6 7. c5 O-O 8. b4 Ne4
9. Qc2 b6 10. Ne5 Bb7 11. a3 Bg5 12. Bxg5 Nxg5 13. e3 Nd7 14. Nxd7 Qxd7 15. Be2
bxc5 16. bxc5 Rfb8 17. O-O Qc8 18. Qa4 a5 19. Rfb1 Ba6 20. Rxb8 Rxb8 21. Qxa5
Bxe2 22. Nxe2 Qb7 23. Qc3 Ne4 24. Qc1 Qb2 25. Qxb2 Rxb2 26. Kf1 Nd2+ 27. Ke1
Nb3 28. Rd1 Ra2 29. Rd3 Ra1+ 30. Rd1 Rxa3 31. Nc1 Nxc1 32. Rxc1 Rb3 33. Ra1 Rb7
34. Ra8+ Kf7 35. Rc8 Ke7 36. Rxc6 Kd7 37. Ra6 Ke7 38. Ke2 g5 39. h3 h5 40. Ra2
Kf6 41. f3 g4 42. f4 h4 43. Rc2 g3 44. Kd2 Ke7 45. Kc1 Rc7 46. Rb2 Kf7 47. Kc2
Kf6 48. Kc3 Kf7 49. Kb4 Rb7+ 50. Kc3 Rc7 51. Ra2 Kf6 52. Ra8 Kg7 53. Re8 Rc6
54. Kb4 Ra6 55. Kb5 Ra2 56. c6 Rxg2 57. c7 Rb2+ 58. Ka4 Rc2 59. c8=Q Rxc8 60.
Rxc8 Kf7 61. Rc2 Ke7 62. Kb5 Kd7 63. Kb4 Ke7 64. Kb3 Kf7 65. Kb2 Ke7 66. Kc1
Kf7 67. Kd1 Kf6 68. Ke1 Ke7 69. Kf1 1-0

[Event "DVM U16 2012"]
[Site "Naumburg (Saale) GER"]
[Date "2012.12.29"]
[Round "6"]
[White "Schwerdtfeger, Lukas"]
[Black "Zoller, Philipp"]
[Result "1-0"]
[Termination "normal"]
[Board "10.4"]
[WhiteElo "1418"]
[BlackElo "1473"]
[WhiteTeam "SG Bochum 1931"]
[BlackTeam "SV Unterkochen"]
[BlackFideId "12964409"]
[EventCountry "GER"]
[EventRounds "7"]
[EventType "team-swiss"]
[EventDate "2012.12.26"]

1. e4 e5 2. Nf3 Nc6 3. d4 exd4 4. Nxd4 Bc5 5. Be3 Qf6 6. c3 Nge7 7. Bc4 O-O 8.
O-O Qe5 9. Qd3 Bb6 10. Na3 d6 11. Nac2 Be6 12. Nxe6 fxe6 13. Nd4 Nxd4 14. Bxd4
Bxd4 15. cxd4 Qf6 16. Rad1 d5 17. exd5 exd5 18. Bb3 Rac8 19. Qb5 Qc6 20. Qxc6
bxc6 21. Ba4 Rb8 22. Rd2 Rf6 23. Re1 Nf5 24. Rc1 Ne7 25. Rc5 Re6 26. Kf1 Kf7
27. b3 Ke8 28. Re2 Rxe2 29. Kxe2 Kd7 30. Ra5 Rb4 31. Kd3 Nf5 32. Rxd5+ Ke6 33.
Bxc6 Rb6 34. Rc5 Ne7 35. Be4 h6 36. Rxc7 Ra6 37. a4 Rb6 38. Kc4 a6 39. Rb7 Rd6
40. a5 Kf7 41. Rb6 Rd8 42. Rxa6 Rc8+ 43. Kb5 Rc3 44. b4 Rc1 45. Ra8 Rd1 46. Rd8
Rd2 47. a6 1-0